Statistics for Time Magazine's 100 Most Influential People (2017)

Click here to take the quiz!

General Stats

  • This quiz has been taken 154 times
  • The average score is 16 of 95

Answer Stats

Answer% Correct
Ivanka Trump
94%
Donald Trump
93%
Kim Jong Un
71%
Vladimir Putin
71%
Theresa May
70%
Julian Assange
53%
Ryan Reynolds
48%
Emma Stone
46%
Xi Jinping
46%
Melinda Gates
43%
Jared Kushner
41%
Ed Sheeran
34%
James Corden
34%
Jeff Bezos
34%
Narendra Modi
34%
Pope Francis
34%
Recep Tayyip Erdogan
34%
James Comey
32%
Colin Kaepernick
29%
Neymar
29%
Tom Brady
29%
Donald Glover
28%
Stephen Bannon
28%
Elizabeth Warren
26%
RuPaul
25%
Simone Biles
25%
Samantha Bee
24%
Chuck Schumer
22%
Jordan Peele
22%
Conor McGregor
21%
Rodrigo Duterte
21%
LeBron James
20%
General James Mattis
19%
Margot Robbie
17%
Chance the Rapper
14%
John Legend
14%
John Lewis
13%
Reince Priebus
13%
Viola Davis
13%
Alicia Keys
12%
Leslie Jones
10%
Ava DuVernay
9%
Margaret Atwood
9%
Barry Jenkins
7%
Ben Platt
7%
Janet Yellen
7%
Jean Liu
7%
Riz Ahmed
7%
Sandra Day O'Connor
7%
Sarah Paulson
7%
Tamika Mallory, Bob Bland, Carmen Perez, and Linda Sarsour
7%
Tom Perez
7%
Constance Wu
6%
Demi Lovato
6%
Evan Spiegel
6%
Jason Blum
6%
Gretchen Carlson
4%
Juan Manuel Santos
4%
Kirsten Green
4%
Theo Epstein
4%
Daniel Ek
3%
George Church
3%
Hamdi Ulukaya
3%
Major General Qasem Soleimani
3%
Alessandro Michele
2%
Ashley Graham
2%
Bernard J. Tyson
2%
Bob Ferguson
2%
Colson Whitehead
2%
Fan Bingbing
2%
Glenda Gray
2%
King Maha Vajiralongkorn
2%
Leila de Lima
2%
Margrethe Vestager
2%
Rebekah Mercer
2%
Vijay Shekhar Sharma
2%
Barbara Lynch
1%
Biram Dah Abeid
1%
Celina Turchi
1%
Cindy Arlette Contreras Bautista
1%
Cindy Sherman
1%
David Adjaye
1%
Demis Hassabis
1%
Fatou Bensouda
1%
Gavin Grimm
1%
Guus Velders
1%
James Allison
1%
Jeanette Vizguerra
1%
Kerry James Marshall
1%
Natalie Batalha, Guillem Anglada-Escudé, and Michaël Gillon
1%
Raed Saleh
1%
Raf Simons
1%
Thelma Aldana
1%
Wang Qishan
1%
Yuriko Koike
1%

Score Distribution

Percentile by Number Answered

Percent of People with Each Score

Your Score History

You have not taken this quiz